00822nam a2200229 a 450000100100000000500170001000800410002708200140006810000250008224500970010725000120020426000480021630000110026450000450027550001420032065000140046265000160047665000140049265000230050665000220052970000410055100003081220200120222206.0070926s1976 ck 0 gr0 spa d04a465bC17t0 aCaro, Miguel Antonio10aTratado del participio /cMiguel Antonio Caro ; nota preliminar : Carlos Valderrama Andrade. a1a. ed. aBogotá :bInstituto Caro y Cuervo,c1976. a184 p. aEj.1 Calle 63, Ej.1 Roma, Donado en 2005 aEj 1. De Biblioparque Funza : Colección Proveniente De La Antigua Biblioteca Municipal, Centro Cultural Bacatá, Funza (Cundinamarca).14aGramatica14aLinguistica14aFilologia14aLenguaje y lenguas14aVerbo (gramatica)1 aValderrama Andrade, Carlos,epról.